Geography Quiz

Random Geography or State Quiz

Male Majority States Quiz Stats

 Plays Quiz Updated Feb 14, 2014

Challenge
Share
Tweet
Embed
Score 0/10 Timer 01:30
1 Play Today
Rank State % Correct
6Montana
80.1%
3North Dakota
78.2%
1Alaska
77.8%
10South Dakota
76.5%
8Idaho
75%
2Wyoming
72.7%
5Utah
66.6%
7Colorado
63.5%
4Nevada
60.2%
9Hawaii
53.3%

You're not logged in!

Compare scores with friends on all Sporcle quizzes.
OR
Log In

You Might Also Like...

Show Comments

Extras

Top Quizzes Today


Score Distribution

Your Account Isn't Verified!

In order to create a playlist on Sporcle, you need to verify the email address you used during registration. Go to your Sporcle Settings to finish the process.

Report this User

Report this user for behavior that violates our Community Guidelines.

Details: